| 000 | 01138nam a2200277Ia 4500 | ||
|---|---|---|---|
| 001 | K0287 | ||
| 003 | IT-RoPAU | ||
| 008 | 130308s9999 xx 000 0 und d | ||
| 040 | _aIT-RoPAU | ||
| 040 | _cIT-RoPAU | ||
| 041 | _aITALIANO | ||
| 100 | _aAA.VV. | ||
| 100 | _gCodice Aut. SPICS: 12000 | ||
| 245 | _aTesori d'arte a Venezia | ||
| 245 | _bTesori d'arte a Venezia | ||
| 250 | _a1a ed. | ||
| 260 | _bs.e. (senza Editrice o non identificata) | ||
| 260 | _c1974 [1° Ed.:1974 - Ed.Ling.Originale:1974] | ||
| 300 | _a"226 p. (prefazione: no ; testo: 226 [pagine: 0-0])" | ||
| 500 | _aMostra mercato dell'Antiquariato Tenutasi a Venezia, palazzo Grassi, 24 Agosto 15 settembre 1974. 211 Illustrazioni a Colori e in bianco e Nero degli Oggetti Esposti. | ||
| 650 | _aSTORIA DELLE ARTI VISIVE | ||
| 650 | _eCodice materia Spics: 5008 | ||
| 942 | _cBK | ||
| 957 | _71 | ||
| 999 |
_c77010 _d77010 |
||
| 999 | _g1 | ||